Viaje a las regiones equinocciales del Nuevo Continente / (Record no. 81778)

MARC details
000 -LEADER
campo de control de longitud fija 00880nam a2200253 i 4500
001 - NÚMERO DE CONTROL
campo de control 81778
003 - IDENTIFICADOR DE NÚMERO DE CONTROL
campo de control ES-MaACL
005 - FECHA Y HORA DE LA ÚLTIMA TRANSACCIÓN
campo de control 20250702063049.0
007 - CAMPO FIJO DE DESCRIPCIÓN FÍSICA--INFORMACIÓN GENERAL
campo de control de longitud fija t|
008 - DATOS DE LONGITUD FIJA--INFORMACIÓN GENERAL
campo de control de longitud fija 041108s1985 ve ||||1| spa d
020 ## - NÚMERO INTERNACIONAL ESTÁNDAR DEL LIBRO
Número Internacional Estándar del Libro 980-01-0074-1
100 1# - ENTRADA PRINCIPAL--NOMBRE DE PERSONA
Nombre de persona Humboldt, Alexander von,
Fechas asociadas al nombre 1769-1859
9 (RLIN) 64715
245 10 - MENCIÓN DEL TÍTULO
Título Viaje a las regiones equinocciales del Nuevo Continente /
Mención de responsabilidad, etc. Alejandro de Humboldt ; traducción de Lisandro Alvarado, Eduardo Rölh y José Nucete-Sardi.
260 ## - PUBLICACIÓN, DISTRIBUCIÓN, ETC.
Lugar de publicación, distribución, etc. Caracas :
Nombre del editor, distribuidor, etc. Monte Avila,
Fecha de publicación, distribución, etc. 1985.
300 ## - DESCRIPCIÓN FÍSICA
Extensión 7 v. :
Otras características físicas il. ;
Dimensiones 16 cm.
500 ## - NOTA GENERAL
Nota general Indices.
651 #4 - PUNTO DE ACCESO ADICIONAL DE MATERIA--NOMBRE GEOGRÁFICO
Nombre geográfico América del Sur-
Subdivisión general Descripción.
9 (RLIN) 7712
700 1# - ENTRADA AGREGADA--NOMBRE PERSONAL
Nombre de persona Alvarado, Lisandro.
9 (RLIN) 20594
700 1# - ENTRADA AGREGADA--NOMBRE PERSONAL
Nombre de persona Röhl, Eduardo.
9 (RLIN) 98981
700 1# - ENTRADA AGREGADA--NOMBRE PERSONAL
Nombre de persona Nucete-Sardi, José.
9 (RLIN) 86117
852 ## - LOCALIZACIÓN
Ubicación ES-MaACL
Número de control de estantería G-488-89
Sublocalización o colección R.113008
852 ## - LOCALIZACIÓN
Ubicación ES-MaACL
Número de control de estantería L-12040-44
Sublocalización o colección R.114300
Holdings
Estatus retirado Estado de pérdida Estado de daño No para préstamo Biblioteca de origen Biblioteca actual Ubicación en estantería Fecha de adquisición Fuente de adquisición Total de préstamos Signatura topográfica completa Código de barras Visto por última vez Precio de reemplazo Tipo de ítem Koha
        Biblioteca del Ateneo de Madrid Biblioteca del Ateneo de Madrid Depósito 2 17/01/2008     L-12040-44 1085476 23/02/2023 23/02/2023 Libro impreso
        Biblioteca del Ateneo de Madrid Biblioteca del Ateneo de Madrid Depósito 2 17/01/2008     G-488-89 1085475 23/02/2023 23/02/2023 Libro impreso